[Event "Hamburg HSK Easter op"]
[Site "Hamburg"]
[Date "2025.04.20"]
[Round "5"]
[White "Malchereck, Romeo"]
[Black "Fabig, Holger"]
[Result "1-0"]
[WhiteElo "1740"]
[BlackElo "2012"]
[PlyCount "60"]
[EventDate "2025.04.18"]
[EventType "swiss"]
[EventRounds "7"]
[EventCountry "GER"]
[SourceTitle "CB20_2025"]
[SourceDate "2025.05.14"]
[SourceVersion "1"]
[SourceVersionDate "2025.05.14"]
[SourceQuality "1"]

1. e4 e6 2. d4 b6 3. Bd3 Bb7 4. Bf4 Nf6 5. f3 d5 6. e5 Nfd7 7. c3 c5 8. Ne2 Nc6 9. a3 Be7 10. 0-0 Qc7 11. Bg3 0-0-0 12. b4 c4 13. Bc2 h5 14. Bf2 h4 15. Nd2 g5 16. f4 gxf4 17. Nxf4 Rdg8 18. Nf3 Rg4 19. Be3 Rhg8 20. h3 Rg3 21. Bf2 R3g7 22. Bxh4 Bxh4 23. Nxh4 Ncxe5 24. dxe5 Qxe5 25. Qd2 Qd6 26. Rae1 Rh8 27. Qf2 Rg5 28. Nf3 Rg7 29. Qd4 Rhg8 30. Rf2 Re8 1-0

[Event "Hamburg HSK Easter op"]
[Site "Hamburg"]
[Date "2025.04.19"]
[Round "3"]
[White "Fellberg, Justus"]
[Black "Fabig, Holger"]
[Result "1/2-1/2"]
[WhiteElo "1746"]
[BlackElo "2012"]
[PlyCount "101"]
[EventDate "2025.04.18"]
[EventType "swiss"]
[EventRounds "7"]
[EventCountry "GER"]
[SourceTitle "CB20_2025"]
[SourceDate "2025.05.14"]
[SourceVersion "1"]
[SourceVersionDate "2025.05.14"]
[SourceQuality "1"]

1. e4 e6 2. Qe2 d5 3. exd5 Qxd5 4. Nc3 Qd8 5. Nf3 Nf6 6. g3 c5 7. Bg2 Nc6 8. d3 Be7 9. 0-0 0-0 10. Bf4 Re8 11. Rad1 Nd5 12. Qd2 Nxf4 13. Qxf4 Qb6 14. Qc4 Bd7 15. d4 Na5 16. Qd3 Bc6 17. b3 Rad8 18. d5 Bxd5 19. Nxd5 Rxd5 20. Qe2 Red8 21. Rxd5 Rxd5 22. Rd1 Rxd1+ 23. Qxd1 Qc7 24. Qd3 Nc6 25. a3 h6 26. h4 a6 27. a4 Qd6 28. Qxd6 Bxd6 29. Kf1 f5 30. Ke2 Kf7 31. Nd2 e5 32. Bxc6 bxc6 33. Nc4 Bc7 34. Ke3 g5 35. hxg5 hxg5 36. Nb2 Ke6 37. Nd3 Bd6 38. Nb2 e4 39. Nc4 Bc7 40. Nb2 Kd5 41. Nc4 f4+ 42. gxf4 Bxf4+ 43. Ke2 Kd4 44. Na5 Kc3 45. Kd1 g4 46. Nxc6 e3 47. fxe3 g3 48. Ke2 Bxe3 49. Kxe3 Kxc2 50. b4 cxb4 51. Nxb4+ 1/2-1/2

[Event "Hamburg HSK Easter op"]
[Site "Hamburg"]
[Date "2025.04.18"]
[Round "1"]
[White "Neumann, Hannes"]
[Black "Fabig, Holger"]
[Result "1-0"]
[WhiteElo "1655"]
[BlackElo "2012"]
[PlyCount "57"]
[EventDate "2025.04.18"]
[EventType "swiss"]
[EventRounds "7"]
[EventCountry "GER"]
[SourceTitle "CB20_2025"]
[SourceDate "2025.05.14"]
[SourceVersion "1"]
[SourceVersionDate "2025.05.14"]
[SourceQuality "1"]

1. e4 e6 2. d4 b6 3. Nc3 Bb7 4. Nf3 Nf6 5. Bd3 Bb4 6. Qe2 d5 7. e5 Nfd7 8. Bg5 Qc8 9. 0-0 Bxc3 10. bxc3 c5 11. c4 h6 12. Bd2 a6 13. cxd5 Bxd5 14. c4 Bb7 15. d5 Nf8 16. Be4 Nbd7 17. Rab1 Qc7 18. Bc3 0-0-0 19. a4 f5 20. exf6 Nxf6 21. Bxf6 gxf6 22. dxe6 Re8 23. Bf5 Qf4 24. Qd3 Kc7 25. a5 bxa5 26. Rxb7+ Kxb7 27. Qd5+ Kc8 28. Qxc5+ Kb8 29. Rb1+ 1-0

[Event "Rottach Egern Seniors Cup 13th"]
[Site "Rottach Egern"]
[Date "2025.03.31"]
[Round "3"]
[White "Loibl, Johann"]
[Black "Fabig, Holger"]
[Result "0-1"]
[WhiteElo "1848"]
[BlackElo "1997"]
[PlyCount "56"]
[EventDate "2025.03.29"]
[EventType "swiss"]
[EventRounds "9"]
[EventCountry "GER"]
[SourceTitle "CB16_2025"]
[SourceDate "2025.04.16"]
[SourceVersion "1"]
[SourceVersionDate "2025.04.16"]
[SourceQuality "1"]

1. e4 e6 2. Qe2 b6 3. Nf3 Bb7 4. g3 d5 5. exd5 Qxd5 6. Bg2 Qa5 7. 0-0 Nf6 8. Nc3 Bd6 9. Qb5+ Qxb5 10. Nxb5 Nbd7 11. d3 0-0 12. Nxd6 cxd6 13. Bd2 Rfd8 14. Rfe1 Rac8 15. Rac1 Nc5 16. b4 Na4 17. c4 a6 18. Rc2 b5 19. Rec1 bxc4 20. dxc4 Be4 21. Nd4 Bxc2 22. Rxc2 Nb6 23. c5 dxc5 24. Nc6 Re8 25. Rxc5 Nbd5 26. Bf1 Nd7 27. Bxa6 Nxc5 28. Bxc8 Rxc8 0-1

[Event "Rottach Egern Seniors Cup 13th"]
[Site "Rottach Egern"]
[Date "2025.03.29"]
[Round "1"]
[White "Auterhoff, Juergen"]
[Black "Fabig, Holger"]
[Result "0-1"]
[WhiteElo "1783"]
[BlackElo "1997"]
[PlyCount "86"]
[EventDate "2025.03.29"]
[EventType "swiss"]
[EventRounds "9"]
[EventCountry "GER"]
[SourceTitle "CB16_2025"]
[SourceDate "2025.04.16"]
[SourceVersion "1"]
[SourceVersionDate "2025.04.16"]
[SourceQuality "1"]

1. e4 e6 2. d4 b6 3. Nf3 Bb7 4. Bd3 Nf6 5. Qe2 d5 6. e5 Nfd7 7. Be3 c5 8. c3 Nc6 9. 0-0 Be7 10. Nbd2 Qc7 11. Rac1 c4 12. Bb1 0-0-0 13. b4 Rdg8 14. Bc2 f6 15. Bf4 f5 16. Bg5 Qd8 17. Bxe7 Qxe7 18. Ba4 g5 19. Bxc6 Bxc6 20. g3 h5 21. Kh1 h4 22. Rg1 hxg3 23. fxg3 g4 24. Nh4 f4 25. Qe1 Qg5 26. Rg2 Rf8 27. Qg1 Rf7 28. Rf1 Rhf8 29. Rgf2 Ba4 30. Nb1 f3 31. Na3 Rh7 32. Nb1 Rfh8 33. Re1 Rxh4 34. gxh4 Qxh4 35. Re3 Nf8 36. Nd2 Bd1 37. Nf1 Be2 38. Qg3 Bxf1 39. Qxh4 Bg2+ 40. Kg1 Rxh4 41. Re1 Ng6 42. Rc2 Nf4 43. Ra1 Nh3# 0-1

[Event "Rottach Egern Seniors Cup 12th"]
[Site "Rottach Egern"]
[Date "2024.04.09"]
[Round "4"]
[White "Schroeder, Klaus"]
[Black "Fabig, Holger"]
[Result "1/2-1/2"]
[WhiteElo "1837"]
[BlackElo "1982"]
[PlyCount "37"]
[EventDate "2024.04.06"]
[EventType "swiss"]
[EventRounds "9"]
[EventCountry "GER"]
[SourceTitle "CBM 219 Extra"]
[Source "ChessBase"]
[SourceDate "2024.05.31"]
[SourceVersion "1"]
[SourceVersionDate "2024.05.31"]
[SourceQuality "1"]

1. Nf3 b6 2. g3 Bb7 3. Bg2 e6 4. 0-0 f5 5. c4 Nf6 6. Nc3 g6 7. d4 Bg7 8. Bg5 h6 9. Bxf6 Qxf6 10. Re1 0-0 11. e4 f4 12. e5 Qe7 13. Nh4 Bxg2 14. Kxg2 Qe8 15. Qd3 g5 16. Nf3 Nc6 17. g4 d6 18. exd6 cxd6 19. Qe4 1/2-1/2

[Event "Hamburg Easter op"]
[Site "Hamburg"]
[Date "2023.04.10"]
[Round "7"]
[White "Fabig, Holger"]
[Black "Kahlert, Thomas"]
[Result "0-1"]
[WhiteElo "1990"]
[BlackElo "2160"]
[PlyCount "116"]
[EventDate "2023.04.07"]
[EventType "swiss"]
[EventRounds "7"]
[EventCountry "GER"]
[SourceTitle "EXT 2024"]
[Source "ChessBase"]
[SourceDate "2023.10.10"]
[SourceVersion "1"]
[SourceVersionDate "2023.10.10"]
[SourceQuality "1"]

1. e4 e5 2. d4 exd4 3. c3 d5 4. exd5 Qxd5 5. cxd4 Nc6 6. Nf3 Bg4 7. Be2 Bb4+ 8. Nc3 Bxf3 9. Bxf3 Qc4 10. Bxc6+ bxc6 11. Qe2+ Qxe2+ 12. Kxe2 0-0-0 13. Be3 Ne7 14. a3 Bxc3 15. bxc3 Rhe8 16. Rhe1 Nd5 17. c4 Nxe3 18. fxe3 Rxd4 19. Rac1 Ree4 20. c5 Rd5 21. Rc3 Rh5 22. h3 Rg5 23. Kf2 Re6 24. Re2 Rf6+ 25. Kg1 Rgf5 26. Rc4 Rf1+ 27. Kh2 R6f2 28. Rxf2 Rxf2 29. Kg3 Rf5 30. Rg4 g5 31. Rc4 h5 32. h4 f6 33. hxg5 fxg5 34. Rc3 Kd7 35. e4 Rf4 36. Rc4 Ke6 37. Ra4 a5 38. Rxa5 Rxe4 39. Ra7 Rc4 40. Rxc7 Rc3+ 41. Kf2 Rxc5 42. Ra7 Kf5 43. a4 Kg4 44. Rd7 Rc2+ 45. Kf1 Rc4 46. a5 Ra4 47. Rc7 Kg3 48. Rxc6 Ra1+ 49. Ke2 Rxa5 50. Kf1 Ra1+ 51. Ke2 g4 52. Rh6 Rh1 53. Ke3 h4 54. Rg6 Re1+ 55. Kd2 Re4 56. Rh6 Ra4 57. Ke1 Ra1+ 58. Ke2 Rg1 0-1

[Event "GER-ch Seniors 50 34th"]
[Site "Magdeburg"]
[Date "2022.08.12"]
[Round "1"]
[White "Pirrot, Dieter"]
[Black "Fabig, Holger"]
[Result "1-0"]
[WhiteElo "2328"]
[BlackElo "1970"]
[PlyCount "33"]
[EventDate "2022.08.12"]
[EventType "swiss"]
[EventRounds "9"]
[EventCountry "GER"]
[SourceTitle "CBM 209 Extra"]
[Source "ChessBase"]
[SourceDate "2022.09.30"]
[SourceVersion "1"]
[SourceVersionDate "2022.09.30"]
[SourceQuality "1"]

1. e4 e6 2. d4 b6 3. Bd3 Bb7 4. Nf3 Nf6 5. Qe2 d5 6. e5 Nfd7 7. h4 c5 8. Ng5 g6 9. h5 c4 10. hxg6 cxd3 11. gxf7+ Ke7 12. Qg4 Qc8 13. Nc3 Nxe5 14. dxe5 Nc6 15. Nxh7 Nxe5 16. Qg5+ Kd6 17. Bf4 1-0

[Event "Rottach Egern Seniors Cup 10th"]
[Site "Rottach Egern"]
[Date "2022.04.01"]
[Round "7"]
[White "Brunner, Helmut"]
[Black "Fabig, Holger"]
[Result "0-1"]
[WhiteElo "2032"]
[BlackElo "1915"]
[PlyCount "106"]
[EventDate "2022.03.26"]
[EventType "swiss"]
[EventRounds "9"]
[EventCountry "GER"]
[SourceTitle "CBM 207 Extra"]
[Source "ChessBase"]
[SourceDate "2022.05.31"]
[SourceVersion "1"]
[SourceVersionDate "2022.05.31"]
[SourceQuality "1"]

1. e4 e6 2. d4 b6 3. Bd3 Bb7 4. Nf3 Nf6 5. Qe2 d5 6. exd5 Bxd5 7. c4 Bb4+ 8. Bd2 Bxd2+ 9. Nbxd2 Bxf3 10. Nxf3 0-0 11. Rd1 Qe7 12. 0-0 Na6 13. Rfe1 Rfe8 14. a3 c5 15. d5 Qf8 16. d6 Rad8 17. Qe5 Rd7 18. Rd2 Red8 19. Red1 Ne8 20. Ng5 g6 21. Ne4 Qg7 22. Qxg7+ Kxg7 23. Bc2 f5 24. Nc3 Rxd6 25. Rxd6 Rxd6 26. Rxd6 Nxd6 27. b3 Nc7 28. Kf1 Kf6 29. Ke2 e5 30. Ke3 Nde8 31. g3 Ng7 32. b4 Nge6 33. Ba4 g5 34. h3 h5 35. Bd1 h4 36. Kd3 Nd4 37. g4 e4+ 38. Ke3 Ke5 39. bxc5 bxc5 40. a4 a6 41. gxf5 Nxf5+ 42. Kd2 Kd4 43. Be2 Nd6 44. Kc2 Nxc4 45. Bxc4 Kxc4 46. Nxe4 Ne6 47. f3 Kb4 48. Kd3 Kb3 49. a5 Kb4 50. Ke3 Kxa5 51. Nxc5 Nxc5 52. f4 gxf4+ 53. Kxf4 Kb5 0-1